| 000 | 00585nam a2200193 a 4500 | ||
|---|---|---|---|
| 005 | 20240925065937.0 | ||
| 008 | 010730s1992 r 000 0 eng d | ||
| 020 | _a9706201696 | ||
| 035 | _aUPN01000110236 | ||
| 049 | _aCG | ||
| 050 | 4 |
_aPN1992.75 _bC7.8 |
|
| 100 | 1 | _aCruzvillegas V., Rogelio | |
| 245 | 1 | 0 |
_aTecnología prima para T.V. / _cRogelio Cruzvillegas V. |
| 260 |
_aMéxico : _bUAM-Azcapotzalco, _cc1992. |
||
| 300 |
_a150 p. : _bil. |
||
| 440 | 0 | _aLibro de texto | |
| 650 | 2 |
_aTelevisión _xProducción y dirección _919826 |
|
| 650 | 4 |
_aTelevisión en la educación _91518 |
|
| 999 |
_c84145 _d84145 |
||